| 000 | 00833cam a2200241 i 4500 | ||
|---|---|---|---|
| 001 | 19429248 | ||
| 005 | 20250224105846.0 | ||
| 008 | 170104s2018 at 000 0 eng | ||
| 010 | _a 2017930059 | ||
| 020 | _a9781337102063 | ||
| 040 |
_aDLC _beng _erda _cDLC _dDLC |
||
| 042 | _apcc | ||
| 050 | 0 | 0 |
_aTK5105.59 _b.W54 2018 |
| 082 | 0 | 0 |
_a005.8 _223 |
| 100 | 1 |
_aWhitman, Michael E., _d1964- _eauthor. _95373 |
|
| 245 | 1 | 0 |
_aPrinciples of information security / _cMichael E. Whitman, Ph.D., CISM, CISSP, Herbert J. Mattord, Ph.D., CISM, CISSP, Kennesaw State University. |
| 250 | _aSixth Edition. | ||
| 260 | 1 |
_aAustralia : _bCengage Learning, _c[2018] |
|
| 300 |
_axx, 728 pages ; _c24 cm |
||
| 650 | 0 |
_aComputer networks _xSecurity measures. _9464 |
|
| 650 | 0 |
_aComputer security. _95374 |
|
| 700 | 1 |
_aMattord, Herbert J., _eauthor. _95375 |
|
| 999 |
_c701 _d701 |
||